| 000 | 00511nam a22001817a 4500 | ||
|---|---|---|---|
| 005 | 20251108165316.0 | ||
| 008 | 250721s1961 xx 000 0 ara d | ||
| 082 | 1 | 4 | _a956.61/ح |
| 100 | 1 | _aوهبة، حافظ | |
| 245 | 1 | 0 | _aجزيرة العرب في القرن العشرين / |
| 250 | _aط4 | ||
| 264 | 1 |
_aالقاهره : _bمكتبة النهضه المصريه، _c1961. |
|
| 300 | _a412ص :مص | ||
| 650 | 1 | 7 | _aالسعودية |
| 650 | 1 | 7 | _aالتاريخ |
| 942 |
_2ddc _cBK |
||
| 999 |
_c24728 _d24728 |
||